| 000 | 00813cam a22002533a 4500 | ||
|---|---|---|---|
| 001 | 10807 | ||
| 003 | PGUSA | ||
| 005 | 20140828083229.0 | ||
| 008 | 040101s2004||||xxu|||||s|||||000 | eng d | ||
| 040 |
_aPGUSA _beng |
||
| 042 | _adc | ||
| 050 | 4 | _aDA | |
| 100 | 1 |
_aYonge, Charles Duke, _d1812-1891 |
|
| 245 | 1 | 4 |
_aThe Constitutional History of England from 1760 to 1860 _h[electronic resource] / _cCharles Duke Yonge |
| 260 |
_bProject Gutenberg, _c2004 |
||
| 506 | _aPublic domain in the USA. | ||
| 516 | _aElectronic text | ||
| 653 | _aGreat Britain -- History -- George III, 1760-1820 | ||
| 653 | _aGreat Britain -- History -- 19th century | ||
| 653 | _aConstitutional history -- Great Britain | ||
| 830 | 0 |
_aProject Gutenberg _v10807 |
|
| 856 | 4 | 0 | _uhttp://www.gutenberg.org/ebooks/10807 |
| 942 | _cEB | ||
| 999 |
_c240062 _d240062 |
||